<?xml version="1.0" encoding="UTF-8"?>
<marc:record xmlns:marc="http://www.loc.gov/MARC21/slim">
   <marc:leader>00000nam a2200000 a 4500</marc:leader>
   <marc:datafield ind1="1" ind2=" " tag="100">
      <marc:subfield code="a">Velasquez, Lizzie</marc:subfield>
      <marc:subfield code="4">aut</marc:subfield>
      <marc:subfield code="e">Verfasser/-in</marc:subfield>
   </marc:datafield>
   <marc:datafield ind1="1" ind2=" " tag="100">
      <marc:subfield code="a">Velasquez, Lizzie</marc:subfield>
   </marc:datafield>
   <marc:datafield ind1=" " ind2=" " tag="653">
      <marc:subfield code="a">Selbstwertgefühl</marc:subfield>
   </marc:datafield>
   <marc:datafield ind1=" " ind2=" " tag="653">
      <marc:subfield code="a">Selbstbehauptung</marc:subfield>
   </marc:datafield>
   <marc:datafield ind1=" " ind2=" " tag="653">
      <marc:subfield code="a">Christ</marc:subfield>
   </marc:datafield>
   <marc:datafield ind1=" " ind2=" " tag="653">
      <marc:subfield code="a">Lebensführung</marc:subfield>
   </marc:datafield>
   <marc:datafield ind1=" " ind2=" " tag="653">
      <marc:subfield code="a">Hoffnung</marc:subfield>
   </marc:datafield>
   <marc:datafield ind1=" " ind2=" " tag="653">
      <marc:subfield code="a">Softcover / Ratgeber/Lebenshilfe</marc:subfield>
   </marc:datafield>
   <marc:datafield ind1=" " ind2=" " tag="653">
      <marc:subfield code="a">Alltag/Lebensführung</marc:subfield>
   </marc:datafield>
   <marc:datafield ind1=" " ind2=" " tag="653">
      <marc:subfield code="a">Persönliche Entwicklung</marc:subfield>
   </marc:datafield>
   <marc:datafield ind1="0" ind2="0" tag="245">
      <marc:subfield code="a">Kopf hoch, lächle und sei, wie du bist</marc:subfield>
   </marc:datafield>
   <marc:datafield ind1="0" ind2="0" tag="245">
      <marc:subfield code="b">eine Ermutigung, die Schönheit des Lebens zu sehen</marc:subfield>
   </marc:datafield>
   <marc:datafield ind1="0" ind2="0" tag="245">
      <marc:subfield code="c">Lizzie Velasquez. Aus dem Engl. von Maria Leicht-Rombouts</marc:subfield>
   </marc:datafield>
   <marc:datafield ind1=" " ind2="1" tag="264">
      <marc:subfield code="a">Asslar</marc:subfield>
      <marc:subfield code="b">GerthMedien</marc:subfield>
      <marc:subfield code="c">2015</marc:subfield>
   </marc:datafield>
   <marc:datafield ind1="1" ind2=" " tag="520">
      <marc:subfield code="a">Angaben aus der Verlagsmeldung

Kopf hoch, lächle und sei, wie du bist : Eine Ermutigung, die Schönheit des Lebens zu sehen. / von Lizzie Velasquez

Lizzie Velasquez leidet an einer extrem seltenen Krankheit. Seit ihrer Kindheit wird sie deswegen gehänselt. Ihr Gendefekt verhindert, dass sie an Gewicht zunimmt. Außerdem altert sie schneller als andere Menschen. Weltweit sind nur wenige Fälle bekannt. Als jemand ein Video von ihr unter dem Titel "Die hässlichste Frau der Welt" ins Internet stellt, hatte sie genug und fing an, sich zu wehren. Vor allem
begann sie, ihr Leben und ihre Krankheit anders zu sehen. Nämlich nicht als großes Unglück, sondern als
Chance. Seither ist sie eine Inspiration für Tausende. Sie hat viel zu sagen - über Schönheit, Einzigartigkeit, Begabungen. Und nicht zuletzt auch über den Glauben, der ihr immer wieder Kraft gibt, ihr Leben zu gestalten.

"Anstatt mich in meine Trauer zu flüchten, beschloss ich glücklich zu werden und meine Krankheit nicht als Problem zu sehen, sondern als eine Gabe, die mir erlaubt, mich selbst weiterzuentwickeln und andere Menschen zu inspirieren."

Lizzie Velasquez
</marc:subfield>
   </marc:datafield>
   <marc:datafield ind1=" " ind2=" " tag="020">
      <marc:subfield code="a">9783957340160</marc:subfield>
      <marc:subfield code="9">9783957340160</marc:subfield>
   </marc:datafield>
   <marc:datafield ind1=" " ind2=" " tag="020">
      <marc:subfield code="a">3957340160</marc:subfield>
      <marc:subfield code="9">3957340160</marc:subfield>
   </marc:datafield>
   <marc:datafield ind1=" " ind2=" " tag="041">
      <marc:subfield code="a">ger</marc:subfield>
   </marc:datafield>
   <marc:datafield ind1=" " ind2=" " tag="300">
      <marc:subfield code="a">174 S.</marc:subfield>
   </marc:datafield>
</marc:record>
